[Event "C.to Provinciale AP-FM"]
[Site "Porto Sant'Elpidio ITA"]
[Date "2013.01.20"]
[Round "3"]
[White "Marinucci, Johnny"]
[Black "Vannicola, Roberto"]
[WhiteElo "1728"]
[BlackElo "1525"]
[Result "1-0"]
[PlyCount "85"]
[EventDate "2013.01.19"]

1. d4 Nf6 2. Nf3 e6 3. e3 b6 4. Bd3 Ba6 5. c4 Bb4+ 6. Nbd2 O-O 7. O-O Be7 8. b3
d5 9. Ne5 Bb7 10. Bb2 Nbd7 11. f4 Nxe5 12. fxe5 Ne4 13. Qc2 Nxd2 14. Qxd2 Qd7
15. Qe2 g6 16. g4 Qc6 17. cxd5 Qxd5 18. e4 Qd8 19. Bc4 c6 20. a4 a5 21. Rad1
Qc8 22. h3 Ba6 23. Bxa6 Qxa6 24. Qxa6 Rxa6 25. d5 cxd5 26. exd5 exd5 27. Rxd5
Raa8 28. Rd7 Bc5+ 29. Kg2 Rfd8 30. Rfxf7 Rxd7 31. Rxd7 Re8 32. Kf3 Re7 33. Rxe7
Bxe7 34. Ke4 Kf7 35. Bd4 Bd8 36. Kd5 Ke7 37. e6 h5 38. Be3 Kf6 39. gxh5 gxh5
40. Kd6 Be7+ 41. Kd7 Bb4 42. Bxb6 Ke5 43. Bxa5 1-0

[Event "C.to Provinciale AP-FM"]
[Site "Porto Sant'Elpidio ITA"]
[Date "2013.01.20"]
[Round "3"]
[White "Miandro, Roberto"]
[Black "Serafini, Gino"]
[WhiteElo "2076"]
[BlackElo "1851"]
[Result "1/2-1/2"]
[PlyCount "74"]
[EventDate "2013.01.19"]

1. c4 Nf6 2. Nf3 d6 3. Nc3 g6 4. g3 Bg7 5. Bg2 O-O 6. O-O Nc6 7. h3 e5 8. d3 h6
9. Rb1 Rb8 10. b4 Ne8 11. b5 Ne7 12. d4 exd4 13. Nxd4 Nf5 14. e3 Nxd4 15. exd4
Be6 16. Nd5 Nf6 17. Ne3 Qc8 18. Kh2 Kh7 19. Bb2 h5 20. Qd3 Kg8 21. Bc3 Re8 22.
Rbe1 c6 23. bxc6 bxc6 24. d5 cxd5 25. Nxd5 Nxd5 26. Bxd5 Bxc3 27. Bxe6 Rxe6 28.
Qxc3 Qd7 29. Rxe6 Qxe6 30. Re1 Qf5 31. Qd4 Qc5 32. Qxc5 dxc5 33. Re5 Rb2 34.
Kg2 Rxa2 35. Rxc5 Rc2 36. Kf3 Kf8 37. Ke3 Ke7 1/2-1/2

[Event "C.to Provinciale AP-FM"]
[Site "Porto Sant'Elpidio ITA"]
[Date "2013.01.20"]
[Round "3"]
[White "Renzetti, Leonardo"]
[Black "Balzano, Filli"]
[WhiteElo "1771"]
[BlackElo "1924"]
[Result "1/2-1/2"]
[PlyCount "56"]
[EventDate "2013.01.19"]

1. d4 d5 2. c4 c6 3. Nc3 Nf6 4. Nf3 dxc4 5. a4 Bf5 6. Bg5 Nd5 7. Nd2 Nxc3 8.
bxc3 Qa5 9. Qc1 h6 10. Nxc4 Qd8 11. Bf4 e6 12. g3 Qd5 13. f3 Bh7 14. Nd2 Be7
15. e4 Qd8 16. Bc4 O-O 17. O-O Nd7 18. Qb2 Qb6 19. Qxb6 axb6 20. Rfd1 g5 21.
Be3 Nf6 22. Be2 Kg7 23. Nc4 Bd8 24. g4 Bc7 25. Rdb1 Nd7 26. Rd1 Nf6 27. Rdb1
Nd7 28. Rd1 Nf6 1/2-1/2

[Event "C.to Provinciale AP-FM"]
[Site "Porto Sant'Elpidio ITA"]
[Date "2013.01.20"]
[Round "3"]
[White "Sagripanti, Michele"]
[Black "Santinelli, Michele"]
[WhiteElo "2040"]
[BlackElo "1802"]
[Result "1-0"]
[PlyCount "121"]
[EventDate "2013.01.19"]

1. e4 e5 2. Nf3 d6 3. d4 exd4 4. Nxd4 Nf6 5. Nc3 Be7 6. Bc4 O-O 7. f3 Nbd7 8.
Nf5 Ne5 9. Nxe7+ Qxe7 10. Bb3 Be6 11. Bg5 h6 12. Bh4 Ng6 13. Bxf6 Qxf6 14. Bxe6
fxe6 15. Qd2 Qf4 16. O-O-O a6 17. Kb1 Qxd2 18. Rxd2 Rf7 19. Rhd1 Ne5 20. b3
Raf8 21. Ne2 Nc6 22. Kb2 Rf6 23. Nd4 Nxd4 24. Rxd4 e5 25. Rd5 g5 26. c4 Kf7 27.
c5 Ke7 28. Rc1 Kd7 29. Rcd1 Ke7 30. h3 Rc8 31. Rc1 Kd7 32. Rcd1 Ke7 33. Ka3 Re6
34. Ka4 b6 35. b4 Kd7 36. a3 Rb8 37. cxd6 cxd6 38. b5 a5 39. Rc1 Rc8 40. Rxc8
Kxc8 41. Rd2 h5 42. Kb3 Kc7 43. Kc4 Rf6 44. Kd5 g4 45. hxg4 hxg4 46. Rc2+ Kb7
47. Rc3 Rg6 48. a4 g3 49. Rc6 Rh6 50. Rxd6 Rh2 51. Kxe5 Rxg2 52. Rg6 Ra2 53.
Rxg3 Rxa4 54. Rg7+ Kc8 55. Kd6 Rc4 56. e5 Rf4 57. Rc7+ Kb8 58. Rc3 Rd4+ 59. Kc6
Ka7 60. e6 Rd2 61. Re3 1-0

[Event "C.to Provinciale AP-FM"]
[Site "Porto Sant'Elpidio ITA"]
[Date "2013.02.02"]
[Round "4"]
[White "Balzano, Filli"]
[Black "Miandro, Roberto"]
[WhiteElo "1924"]
[BlackElo "2076"]
[Result "1-0"]
[PlyCount "89"]
[EventDate "2013.01.19"]

1. e4 c5 2. c3 Nf6 3. e5 Nd5 4. d4 cxd4 5. cxd4 Nc6 6. Bc4 Nb6 7. Bb3 e6 8. Nf3
d6 9. O-O Be7 10. Nc3 O-O 11. a3 a6 12. Bc2 g6 13. Bh6 Re8 14. Ne4 Nc4 15. b3
Nb6 16. Bg5 dxe5 17. Bxe7 Qxe7 18. dxe5 Nd5 19. Qd2 Kg7 20. h4 h5 21. Qg5 Qxg5
22. hxg5 Rd8 23. Rad1 Rb8 24. Nf6 Nce7 25. Be4 b5 26. Bxd5 exd5 27. Nd4 Be6 28.
f4 Rbc8 29. Rc1 Kf8 30. Kf2 Ng8 31. Nxg8 Kxg8 32. Ke2 Kf8 33. Kd2 Rxc1 34. Rxc1
Bg4 35. Rc6 Bc8 36. Rc7 Bg4 37. Kc3 Rc8 38. Rxc8+ Bxc8 39. Kb4 Ke7 40. Kc5 Kd7
41. g3 Bb7 42. Kb6 Bc8 43. b4 Kd8 44. Kc6 Be6 45. Kd6 1-0

[Event "C.to Provinciale AP-FM"]
[Site "Porto Sant'Elpidio ITA"]
[Date "2013.02.02"]
[Round "4"]
[White "Gasparroni, Riccardo"]
[Black "Censi, Cesare"]
[WhiteElo "1747"]
[BlackElo "1497"]
[Result "1-0"]
[PlyCount "54"]
[EventDate "2013.01.19"]

1. e4 c5 2. Nf3 d6 3. d4 cxd4 4. Nxd4 e5 5. Nf3 Be6 6. Be3 h6 7. Nc3 Nf6 8.
Bb5+ Nc6 9. h3 Be7 10. O-O O-O 11. Qe2 Qc8 12. Rfd1 Rd8 13. a3 Bf8 14. Rd2 Ne7
15. Rad1 Ng6 16. Ba4 Nh5 17. Nxe5 Nxe5 18. Qxh5 Nc4 19. Rb1 Nxd2 20. Bxd2 a6
21. Nd5 Bxd5 22. Qxd5 b5 23. Bb3 Qd7 24. Ba5 Re8 25. Rd1 Rac8 26. e5 Rxe5 27.
Qxe5 Rc5 1-0

[Event "C.to Provinciale AP-FM"]
[Site "Porto Sant'Elpidio ITA"]
[Date "2013.02.02"]
[Round "4"]
[White "Miandro, Steven"]
[Black "Guglielmi, Dante"]
[WhiteElo "1871"]
[BlackElo "1917"]
[Result "0-1"]
[PlyCount "74"]
[EventDate "2013.01.19"]

1. d4 d5 2. c4 e6 3. Nc3 Nf6 4. cxd5 exd5 5. Bg5 Nbd7 6. e3 Be7 7. Qc2 O-O 8.
Bd3 c5 9. Nf3 b6 10. O-O Bb7 11. h3 Ne4 12. Bf4 Ndf6 13. Rfd1 Rc8 14. dxc5 Rxc5
15. Qb3 Nxc3 16. bxc3 Qc8 17. Rac1 Ne4 18. Be5 Qf5 19. Bd4 Rc6 20. Rc2 Rh6 21.
Nh2 Qe6 22. Ng4 Rh5 23. c4 Nc5 24. Bxc5 Bxc5 25. cxd5 Bxd5 26. Bc4 Bxc4 27.
Qxc4 Qxc4 28. Rxc4 Rf5 29. Rc2 Bb4 30. Rc7 Ra5 31. Rdd7 h5 32. Nh2 Rxa2 33. Nf3
a5 34. Ne5 Rd2 35. Rxf7 Rxf7 36. Nxf7 a4 37. Ng5 Rd1+ 0-1

[Event "C.to Provinciale AP-FM"]
[Site "Porto Sant'Elpidio ITA"]
[Date "2013.02.02"]
[Round "4"]
[White "Rinaudo, Andrea"]
[Black "Sagripanti, Michele"]
[WhiteElo "2060"]
[BlackElo "2040"]
[Result "0-1"]
[PlyCount "58"]
[EventDate "2013.01.19"]

1. e4 e6 2. d4 d5 3. exd5 exd5 4. Bd3 Nc6 5. c3 Bd6 6. Nf3 Nge7 7. O-O Bg4 8.
h3 Bh5 9. Be3 Qd7 10. Nbd2 h6 11. b4 f5 12. b5 Nd8 13. Nb3 f4 14. Bd2 Ne6 15.
Nc5 Bxc5 16. dxc5 Nxc5 17. Bxf4 O-O 18. Bg3 Bxf3 19. gxf3 Qxh3 20. Re1 Nxd3 21.
Rxe7 Rf5 22. Qf1 Nxf2 23. Kxf2 Rxf3+ 24. Kxf3 Rf8+ 25. Ke2 Rxf1 26. Rxf1 Qxg3
27. Rf3 Qd6 28. Rff7 Qg6 29. Rxc7 Qxf7 0-1

[Event "C.to Provinciale AP-FM"]
[Site "Porto Sant'Elpidio ITA"]
[Date "2013.02.02"]
[Round "4"]
[White "Santinelli, Michele"]
[Black "Renzetti, Leonardo"]
[WhiteElo "1802"]
[BlackElo "1771"]
[Result "1-0"]
[PlyCount "45"]
[EventDate "2013.01.19"]

1. Nf3 Nf6 2. d4 g6 3. Nbd2 c5 4. e3 Bg7 5. Bd3 O-O 6. O-O cxd4 7. exd4 d5 8.
c3 Nc6 9. Re1 Re8 10. h3 Qb6 11. Qb3 Qc7 12. Ne5 Nd7 13. f4 f6 14. Nxd7 Qxd7
15. Nf3 e5 16. fxe5 fxe5 17. dxe5 Nxe5 18. Nxe5 Bxe5 19. Be4 Kh8 20. Qxd5 Qxd5
21. Bxd5 Bf5 22. Bg5 Rab8 23. Rxe5 1-0

[Event "C.to Provinciale AP-FM"]
[Site "Porto Sant'Elpidio ITA"]
[Date "2013.02.02"]
[Round "4"]
[White "Serafini, Gino"]
[Black "Giobbi, Costantino"]
[WhiteElo "1851"]
[BlackElo "1854"]
[Result "0-1"]
[PlyCount "104"]
[EventDate "2013.01.19"]

1. e4 c5 2. Nf3 d6 3. d4 cxd4 4. Nxd4 Nf6 5. Nc3 a6 6. Be2 e5 7. Nb3 Be6 8. O-O
Be7 9. h3 O-O 10. Be3 Qc7 11. Rc1 Nbd7 12. f4 Rac8 13. f5 Bc4 14. Bxc4 Qxc4 15.
Qf3 b5 16. a3 Qc7 17. g4 h6 18. Rfd1 Nb6 19. Nd2 Qb7 20. Qf2 Nc4 21. Nxc4 Rxc4
22. Nd5 Nxd5 23. exd5 Rfc8 24. b3 Rc3 25. h4 Qc7 26. Kh1 Rxc2 27. Rxc2 Qxc2 28.
Rc1 Qe4+ 29. Qg2 Qxg2+ 30. Kxg2 Rxc1 31. Bxc1 Bxh4 32. Kf3 Bg5 33. Bb2 Kf8 34.
Bc3 Ke7 35. Bb4 Kd7 36. a4 bxa4 37. bxa4 Bc1 38. Ke4 Bb2 39. Kd3 g6 40. Ke4 Bd4
41. Bd2 h5 42. gxh5 gxh5 43. Be1 Kc7 44. f6 Kb6 45. Bb4 Bc5 46. Be1 Ba3 47. Kf5
Kc5 48. Ke4 Kc4 49. Bg3 Kb3 50. a5 Kc4 51. Bxe5 dxe5 52. Kxe5 Kc5 0-1

[Event "C.to Provinciale AP-FM"]
[Site "Porto Sant'Elpidio ITA"]
[Date "2013.02.02"]
[Round "4"]
[White "Silvestri, Giorgio"]
[Black "Marinucci, Johnny"]
[WhiteElo "1718"]
[BlackElo "1728"]
[Result "1/2-1/2"]
[PlyCount "73"]
[EventDate "2013.01.19"]

1. d4 Nf6 2. Nf3 d5 3. c4 c6 4. g3 Bf5 5. Bg2 h6 6. O-O e6 7. b3 Be7 8. Nbd2
Nbd7 9. c5 O-O 10. Re1 Qa5 11. Bb2 b6 12. cxb6 axb6 13. Ne5 Nxe5 14. dxe5 Nd7
15. a3 Rac8 16. b4 Qa7 17. e4 Bg6 18. Qe2 Rfd8 19. f4 Nf8 20. exd5 cxd5 21.
Rac1 Nd7 22. Qb5 Qb7 23. Nb3 Qa7 24. Nd4 Nb8 25. g4 Be4 26. Rxc8 Rxc8 27. f5
exf5 28. gxf5 Bxg2 29. Kxg2 Qb7 30. a4 Na6 31. a5 Bxb4 32. Ra1 Qe7 33. Qxa6
Qg5+ 34. Kf3 Qh5+ 35. Kg3 Qg5+ 36. Kf3 Qh5+ 37. Kg3 1/2-1/2

[Event "C.to Provinciale AP-FM"]
[Site "Porto Sant'Elpidio ITA"]
[Date "2013.02.02"]
[Round "4"]
[White "Vannicola, Roberto"]
[Black "Ceschini, Edoardo"]
[WhiteElo "1525"]
[BlackElo "1413"]
[Result "1-0"]
[PlyCount "79"]
[EventDate "2013.01.19"]

1. c4 c5 2. Nc3 Nc6 3. g3 g6 4. Bg2 Bg7 5. Nf3 Nf6 6. O-O O-O 7. d3 e6 8. Bd2
d5 9. cxd5 Nxd5 10. Qc1 Nde7 11. Bh6 Nf5 12. Bxg7 Kxg7 13. Rd1 Qe7 14. Ne1 Nfd4
15. e3 Nf5 16. Na4 Bd7 17. Nxc5 b6 18. Nxd7 Qxd7 19. Bxc6 Qd6 20. Bxa8 Rxa8 21.
Qc3+ f6 22. Rac1 Rd8 23. Qc7+ Qxc7 24. Rxc7+ Kh6 25. Rxa7 Rb8 26. Rc1 e5 27.
Rcc7 Rh8 28. Rab7 b5 29. Rxb5 Nd6 30. Rb6 Rd8 31. a4 f5 32. a5 e4 33. d4 Nc8
34. Rbc6 Nd6 35. a6 Nb5 36. Rb7 Nd6 37. Rbb6 Nc8 38. Rb8 Rd6 39. Rxd6 Nxd6 40.
a7 1-0

[Event "C.to Provinciale AP-FM"]
[Site "Porto Sant'Elpidio ITA"]
[Date "2013.02.03"]
[Round "5"]
[White "Balzano, Filli"]
[Black "Rinaudo, Andrea"]
[WhiteElo "1924"]
[BlackElo "2060"]
[Result "0-1"]
[PlyCount "68"]
[EventDate "2013.01.19"]

1. e4 c5 2. c3 d5 3. exd5 Qxd5 4. d4 Nc6 5. Nf3 Bf5 6. Na3 cxd4 7. Nb5 O-O-O 8.
cxd4 e5 9. Nc3 Bb4 10. Bd2 Bxc3 11. bxc3 exd4 12. Nxd4 Nxd4 13. cxd4 Ne7 14.
Be2 Nc6 15. Rc1 Qxd4 16. Rc4 Qd5 17. Qc1 Qxg2 18. Rf1 Rhe8 19. Be3 Bd3 20. Rf4
Bxe2 21. Kxe2 Qd5 22. Qc2 Kb8 23. Rc1 Nd4+ 24. Rxd4 Qxd4 25. Qc7+ Ka8 26. Kf1
Qd3+ 27. Kg1 Qg6+ 28. Kf1 Qf5 29. Rc5 Rc8 30. Qa5 Rxc5 31. Bxc5 Qd3+ 32. Kg2
Qe4+ 33. Kg3 b6 34. Bxb6 Qg6+ 0-1

[Event "C.to Provinciale AP-FM"]
[Site "Porto Sant'Elpidio ITA"]
[Date "2013.02.03"]
[Round "5"]
[White "Ceschini, Edoardo"]
[Black "Censi, Cesare"]
[WhiteElo "1413"]
[BlackElo "1497"]
[Result "1-0"]
[PlyCount "39"]
[EventDate "2013.01.19"]

1. d4 e6 2. c4 d5 3. Nc3 Bb4 4. a3 Bxc3+ 5. bxc3 c6 6. cxd5 Qxd5 7. Nf3 h6 8.
e3 Nf6 9. c4 Qd8 10. Bd3 Bd7 11. Rb1 Bc8 12. O-O O-O 13. Re1 Nbd7 14. Bb2 Qc7
15. d5 cxd5 16. Bxf6 Nxf6 17. cxd5 Nxd5 18. Bc2 Nc3 19. Qd3 Nxb1 20. Qh7# 1-0

[Event "C.to Provinciale AP-FM"]
[Site "Porto Sant'Elpidio ITA"]
[Date "2013.02.03"]
[Round "5"]
[White "Guglielmi, Dante"]
[Black "Santinelli, Michele"]
[WhiteElo "1917"]
[BlackElo "1802"]
[Result "1-0"]
[PlyCount "120"]
[EventDate "2013.01.19"]

1. c4 Nf6 2. Nc3 e6 3. e3 d5 4. Nf3 Bd6 5. Be2 c6 6. d4 Nbd7 7. O-O O-O 8. b3
Qe7 9. Bb2 h6 10. Qc2 Re8 11. Rad1 a6 12. e4 dxe4 13. Nxe4 Nxe4 14. Qxe4 e5 15.
dxe5 Nxe5 16. Nxe5 Bxe5 17. Bxe5 Qxe5 18. Qxe5 Rxe5 19. Rd8+ Kh7 20. Bf3 g6 21.
Bg4 f5 22. Bf3 Kg7 23. g3 Kf7 24. Rfd1 Re8 25. Rxe8 Kxe8 26. Rd6 Ke7 27. Rxg6
Be6 28. Rxh6 b5 29. Bxc6 bxc4 30. bxc4 Rd8 31. Bd5 Bc8 32. h4 a5 33. Rh7+ Kf6
34. Ra7 Re8 35. Rxa5 f4 36. Kg2 fxg3 37. Kxg3 Re7 38. Ra8 Rg7+ 39. Kf4 Rg4+ 40.
Ke3 Bd7 41. h5 Rh4 42. h6 Ke5 43. Ra6 Bf5 44. a4 Rh3+ 45. f3 Bc8 46. Ra8 Bd7
47. Ra7 Kd6 48. a5 Bf5 49. Kf4 Bd3 50. Kg4 Rh2 51. Kg3 Rh5 52. f4 Kc5 53. Rc7+
Kb4 54. a6 Rxh6 55. a7 Rg6+ 56. Kf3 Ra6 57. a8=Q Rxa8 58. Bxa8 Bxc4 59. f5 Bb3
60. Rb7+ Ka3 1-0

[Event "C.to Provinciale AP-FM"]
[Site "Porto Sant'Elpidio ITA"]
[Date "2013.02.03"]
[Round "5"]
[White "Miandro, Roberto"]
[Black "Gasparroni, Riccardo"]
[WhiteElo "2076"]
[BlackElo "1747"]
[Result "0-1"]
[PlyCount "50"]
[EventDate "2013.01.19"]

1. c4 f5 2. Nc3 Nf6 3. d3 g6 4. b4 Bg7 5. Bb2 e5 6. Qb3 Nc6 7. e3 d6 8. g3 Be6
9. Bg2 O-O 10. Nge2 Qd7 11. O-O Rad8 12. Nd5 Ne7 13. Nxf6+ Bxf6 14. Qc2 d5 15.
c5 c6 16. d4 e4 17. a4 g5 18. f3 Ng6 19. fxe4 fxe4 20. Nc3 h5 21. Bc1 h4 22.
Bd2 Bh3 23. Bxh3 Qxh3 24. Ne2 Rf7 25. g4 Qxg4+ 0-1

[Event "C.to Provinciale AP-FM"]
[Site "Porto Sant'Elpidio ITA"]
[Date "2013.02.03"]
[Round "5"]
[White "Sagripanti, Michele"]
[Black "Giobbi, Costantino"]
[WhiteElo "2040"]
[BlackElo "1854"]
[Result "1-0"]
[PlyCount "89"]
[EventDate "2013.01.19"]

1. e4 c5 2. c3 d6 3. d4 Nf6 4. Bd3 e5 5. Ne2 Be7 6. f4 Nc6 7. fxe5 dxe5 8. d5
Nb8 9. Nd2 Qc7 10. O-O O-O 11. Ng3 Bg4 12. Qe1 Nh5 13. Nc4 Bd6 14. h3 Nxg3 15.
Qxg3 Bh5 16. Rf5 Bg6 17. Nxd6 Qxd6 18. Qxe5 Qb6 19. Rf2 Nd7 20. Qf4 f6 21. Be3
Ne5 22. Bf1 Qa5 23. b3 Rfe8 24. Rc1 Nf7 25. b4 cxb4 26. cxb4 Qxb4 27. Rc4 Qb1
28. d6 Rad8 29. Rd2 Ne5 30. Rcd4 Bf7 31. Kh2 Nc6 32. Bd3 Qa1 33. Ra4 Re6 34.
Bc4 Re5 35. Bxf7+ Kxf7 36. Bxa7 Rd7 37. Bd4 Nxd4 38. Raxd4 h5 39. Qf3 Kg6 40.
Qb3 Qe1 41. Qa4 h4 42. R2d3 Rg5 43. Qd1 Qa5 44. Rd5 Rxd5 45. Rxd5 1-0

[Event "C.to Provinciale AP-FM"]
[Site "Porto Sant'Elpidio ITA"]
[Date "2013.02.03"]
[Round "5"]
[White "Serafini, Gino"]
[Black "Miandro, Steven"]
[WhiteElo "1851"]
[BlackElo "1871"]
[Result "0-1"]
[PlyCount "104"]
[EventDate "2013.01.19"]

1. e4 c5 2. Nf3 d6 3. d4 cxd4 4. Nxd4 Nf6 5. Nc3 a6 6. h3 e5 7. Nb3 Be6 8. Be3
Be7 9. Bd3 O-O 10. O-O Qc7 11. f4 Nbd7 12. f5 Bc4 13. Rc1 b5 14. Nd2 Nb6 15. b3
Bxd3 16. cxd3 Qb7 17. Qf3 d5 18. Ncb1 d4 19. Bf2 Rac8 20. Qd1 Rc7 21. Rxc7 Qxc7
22. Qc1 Rc8 23. Qxc7 Rxc7 24. Bg3 Nfd7 25. Nf3 f6 26. Nxd4 Bc5 27. Nd2 Bxd4+
28. Kh1 Rc3 29. Nf3 Rxd3 30. Nxd4 exd4 31. Bf2 b4 32. Rc1 Rc3 33. Rd1 d3 34.
Bd4 Nc5 35. Bxc5 Rxc5 36. Rxd3 Rc6 37. Kh2 Kf7 38. Rd2 Ke7 39. h4 Nd7 40. Kg3
Nc5 41. Kf3 Rd6 42. Rc2 Nd3 43. Ke3 Kd7 44. g4 Ne5 45. g5 Rd3+ 46. Ke2 Rh3 47.
Rc5 Rh2+ 48. Ke3 Rxa2 49. h5 Rb2 50. gxf6 gxf6 51. Ra5 Rxb3+ 52. Kd4 Nc6+ 0-1

[Event "C.to Provinciale AP-FM"]
[Site "Porto Sant'Elpidio ITA"]
[Date "2013.02.03"]
[Round "5"]
[White "Vannicola, Roberto"]
[Black "Silvestri, Giorgio"]
[WhiteElo "1525"]
[BlackElo "1718"]
[Result "1/2-1/2"]
[PlyCount "80"]
[EventDate "2013.01.19"]

1. c4 e5 2. Nc3 Nf6 3. g3 g6 4. Bg2 Bg7 5. d3 O-O 6. Nf3 d6 7. Bg5 h6 8. Bxf6
Bxf6 9. O-O Bg7 10. Rb1 a5 11. a3 Be6 12. b4 axb4 13. axb4 Nd7 14. Ne1 c6 15.
b5 Qc7 16. bxc6 bxc6 17. Qd2 Rab8 18. Nc2 Nc5 19. Na1 f5 20. Qc2 g5 21. Nb3
Nxb3 22. Rxb3 Rxb3 23. Qxb3 Rb8 24. Qc2 f4 25. Rb1 Rxb1+ 26. Qxb1 fxg3 27. hxg3
Qc8 28. Qb6 Bd7 29. Ne4 Qf8 30. Qc7 Qe7 31. Bh3 d5 32. Nd6 Bf8 33. Bxd7 Qxd6
34. Qxd6 Bxd6 35. Be6+ Kg7 36. cxd5 cxd5 37. Bxd5 Kf6 38. g4 Bc5 39. Kg2 Bb4
40. f3 Bc5 1/2-1/2

[Event "C.to Provinciale AP-FM"]
[Site "Porto Sant'Elpidio ITA"]
[Date "2013.02.03"]
[Round "6"]
[White "Censi, Cesare"]
[Black "Vannicola, Roberto"]
[WhiteElo "1497"]
[BlackElo "1525"]
[Result "1-0"]
[PlyCount "115"]
[EventDate "2013.01.19"]

1. e4 c6 2. Nf3 d5 3. exd5 cxd5 4. d4 Nf6 5. Be2 Bg4 6. Ne5 Bxe2 7. Qxe2 a6 8.
O-O Nbd7 9. Nf3 e6 10. h3 Be7 11. a3 O-O 12. Nc3 b5 13. b4 Nb6 14. Ne5 Qc7 15.
Bd2 Nc4 16. Be1 Nd7 17. f4 Ndxe5 18. fxe5 Qb6 19. Bf2 a5 20. Na2 Nxa3 21. bxa5
Rxa5 22. Nc1 Nc4 23. Rxa5 Nxa5 24. Nb3 Nxb3 25. cxb3 Rc8 26. Ra1 Qc6 27. Be1
Qb6 28. Qf2 Qc6 29. Qf1 Bd8 30. Ba5 Ra8 31. Bxd8 Rxd8 32. Rc1 Qd7 33. Rc5 Rb8
34. Qc1 g6 35. Rc7 Qd8 36. Qc6 Qh4 37. Rc8+ Rxc8 38. Qxc8+ Kg7 39. Qc3 Qe4 40.
Kh1 Qf4 41. Qd3 Qc1+ 42. Kh2 b4 43. Qf3 Qg5 44. Qf2 Qf5 45. Qd2 f6 46. exf6+
Qxf6 47. Qxb4 Qf4+ 48. Kh1 e5 49. Qe7+ Qf7 50. Qxe5+ Kh6 51. b4 Qf1+ 52. Kh2
Qb5 53. Qd6 Qc4 54. Qc5 g5 55. b5 Kh5 56. b6 Qf1 57. Qd6 Qb5 58. g4+ 1-0

[Event "C.to Provinciale AP-FM"]
[Site "Porto Sant'Elpidio ITA"]
[Date "2013.02.03"]
[Round "6"]
[White "Giobbi, Costantino"]
[Black "Renzetti, Leonardo"]
[WhiteElo "1854"]
[BlackElo "1771"]
[Result "1-0"]
[PlyCount "105"]
[EventDate "2013.01.19"]

1. e4 e6 2. d3 d5 3. Nd2 Nf6 4. g3 b6 5. Bg2 Bb7 6. e5 Nfd7 7. Ndf3 c5 8. Bf4
Nc6 9. h4 Qc7 10. Qe2 h6 11. c3 O-O-O 12. Nh3 Be7 13. a3 Kb8 14. O-O Ba6 15.
Rfe1 c4 16. d4 Kb7 17. Nd2 Na5 18. Qd1 Qc6 19. Be3 Nb8 20. f4 Qd7 21. Nf2 Bb5
22. Bh3 Ba4 23. Qb1 g6 24. Ng4 Nbc6 25. Nf3 Rde8 26. Bf1 Nd8 27. Be2 Bb3 28.
Nd2 Qa4 29. Bd1 Ndc6 30. Nxb3 Nxb3 31. Qc2 Nca5 32. Rb1 Rc8 33. Qe2 Qd7 34. Bc2
Kb8 35. Kg2 h5 36. Nh2 Rcf8 37. Nf3 Rhg8 38. Ng5 Bxg5 39. fxg5 Kc8 40. Rf1 Kd8
41. Rf2 Ke8 42. Rbf1 Qe7 43. Rf6 Nc6 44. Qd1 Qd7 45. Qb1 Qe7 46. g4 hxg4 47. h5
gxh5 48. g6 fxg6 49. Bxg6+ Kd8 50. Bg5 Kc8 51. Rxf8+ Qxf8 52. Rxf8+ Rxf8 53.
Bf6 1-0

[Event "C.to Provinciale AP-FM"]
[Site "Porto Sant'Elpidio ITA"]
[Date "2013.02.03"]
[Round "6"]
[White "Guglielmi, Dante"]
[Black "Sagripanti, Michele"]
[WhiteElo "1917"]
[BlackElo "2040"]
[Result "1/2-1/2"]
[PlyCount "21"]
[EventDate "2013.01.19"]

1. c4 g6 2. Nc3 Bg7 3. g3 Nf6 4. Bg2 d6 5. e3 O-O 6. Nge2 e5 7. O-O Nc6 8. d4
exd4 9. exd4 Re8 10. b3 h6 11. Be3 1/2-1/2

[Event "C.to Provinciale AP-FM"]
[Site "Porto Sant'Elpidio ITA"]
[Date "2013.02.03"]
[Round "6"]
[White "Miandro, Roberto"]
[Black "Ceschini, Edoardo"]
[WhiteElo "2076"]
[BlackElo "1413"]
[Result "1-0"]
[PlyCount "59"]
[EventDate "2013.01.19"]

1. c4 c5 2. Nf3 Nf6 3. d4 e6 4. d5 exd5 5. cxd5 d6 6. Nc3 a6 7. a4 g6 8. Bg5
Bg7 9. Qd2 O-O 10. g3 Re8 11. Bg2 Qa5 12. O-O Ne4 13. Nxe4 Qxd2 14. Nexd2 Rxe2
15. Ra2 Nd7 16. Re1 Rxe1+ 17. Nxe1 Ne5 18. Be7 Kh8 19. Bxd6 Bf5 20. h3 b6 21.
g4 Bd7 22. f4 Nxg4 23. hxg4 Bxg4 24. Be5 Bxe5 25. fxe5 Rd8 26. Nc4 b5 27. axb5
axb5 28. Nd6 Rd7 29. Nxb5 Rxd5 30. Bxd5 1-0

[Event "C.to Provinciale AP-FM"]
[Site "Porto Sant'Elpidio ITA"]
[Date "2013.02.03"]
[Round "6"]
[White "Miandro, Steven"]
[Black "Balzano, Filli"]
[WhiteElo "1871"]
[BlackElo "1924"]
[Result "0-1"]
[PlyCount "102"]
[EventDate "2013.01.19"]

1. d4 d5 2. c4 c6 3. Nf3 Nf6 4. Nc3 dxc4 5. a4 Bf5 6. e3 e6 7. Bxc4 Bb4 8. O-O
Nbd7 9. Qe2 O-O 10. e4 Bg6 11. Bd3 Bh5 12. Bf4 Re8 13. e5 Nd5 14. Nxd5 cxd5 15.
Rfc1 a6 16. h3 Nb8 17. Rc2 Nc6 18. Be3 f5 19. exf6 Qxf6 20. g4 Bg6 21. Bxg6
Qxg6 22. Nh4 Qf6 23. g5 Qf7 24. f4 g6 25. Rf1 Rac8 26. Rfc1 Bd6 27. Qg4 Rf8 28.
Ng2 Qf5 29. Qxf5 exf5 30. Kf2 Rce8 31. Ne1 Re4 32. Rxc6 bxc6 33. Nd3 Rfe8 34.
Re1 R4e7 35. Re2 Rb8 36. Rc2 Rb3 37. Ne5 Bxe5 38. fxe5 Re6 39. a5 Kf7 40. h4
Ke7 41. Kf3 Kd7 42. Kf4 Re8 43. Bd2 Rh3 44. Be1 Rb8 45. b4 Rh1 46. Re2 Ke6 47.
Kf3 Rh3+ 48. Kf4 Rd3 49. Bf2 Rxb4 50. Rc2 Rc4 51. Rb2 Rcc3 0-1

[Event "C.to Provinciale AP-FM"]
[Site "Porto Sant'Elpidio ITA"]
[Date "2013.02.03"]
[Round "6"]
[White "Rinaudo, Andrea"]
[Black "Gasparroni, Riccardo"]
[WhiteElo "2060"]
[BlackElo "1747"]
[Result "1-0"]
[PlyCount "61"]
[EventDate "2013.01.19"]

1. e4 c5 2. Nf3 Nc6 3. Bb5 g6 4. O-O Bg7 5. d3 a6 6. Bxc6 bxc6 7. c3 d5 8. Qc2
Bg4 9. Nbd2 e6 10. exd5 Bxf3 11. Nxf3 cxd5 12. Bf4 Ne7 13. Qa4+ Qd7 14. Qa3 Qc6
15. d4 c4 16. Bd6 Nf5 17. Bc5 Bf6 18. b3 cxb3 19. axb3 g5 20. Rfe1 g4 21. Ne5
Bxe5 22. Rxe5 f6 23. Re2 Kf7 24. Rea2 Rhb8 25. b4 Nd6 26. Qc1 Kg7 27. Qf4 Ne4
28. Qxg4+ Kf7 29. Qh3 Kg7 30. Qd3 Nxc5 31. dxc5 1-0

[Event "C.to Provinciale AP-FM"]
[Site "Porto Sant'Elpidio ITA"]
[Date "2013.02.03"]
[Round "6"]
[White "Santinelli, Michele"]
[Black "Marinucci, Johnny"]
[WhiteElo "1802"]
[BlackElo "1728"]
[Result "1-0"]
[PlyCount "99"]
[EventDate "2013.01.19"]

1. Nf3 Nf6 2. d4 d5 3. Nbd2 Bf5 4. e3 e6 5. c4 c6 6. Qb3 Qb6 7. Qxb6 axb6 8.
Be2 h6 9. cxd5 exd5 10. O-O Nbd7 11. b3 Bd6 12. Bb2 O-O 13. a3 Rfe8 14. Rfc1 b5
15. Bd1 Ra7 16. b4 Nb6 17. Bc2 Bxc2 18. Rxc2 Rea8 19. Re1 Nc4 20. Nxc4 bxc4 21.
Nd2 Re8 22. f3 b5 23. e4 Bf4 24. e5 Bxd2 25. Rxd2 Rae7 26. Ra1 Nh5 27. g3 f6
28. f4 fxe5 29. dxe5 Ra8 30. Rc1 g6 31. Kg2 Ng7 32. g4 Ne6 33. Kg3 Rf7 34. Rf2
Raf8 35. Rcf1 Ng7 36. h4 h5 37. Bd4 hxg4 38. Bc5 Nf5+ 39. Kxg4 Ra8 40. Rf3 d4
41. Kg5 d3 42. e6 Rh7 43. Rh3 Rxa3 44. Rg1 Kg7 45. h5 Ra8 46. h6+ Kh8 47. Kxg6
Rg8+ 48. Kxf5 Rxg1 49. Bxg1 Kg8 50. Bd4 1-0

[Event "C.to Provinciale AP-FM"]
[Site "Porto Sant'Elpidio ITA"]
[Date "2013.02.03"]
[Round "6"]
[White "Silvestri, Giorgio"]
[Black "Serafini, Gino"]
[WhiteElo "1718"]
[BlackElo "1851"]
[Result "1-0"]
[PlyCount "83"]
[EventDate "2013.01.19"]

1. d4 Nf6 2. c4 d6 3. Nc3 g6 4. e4 Nc6 5. f3 Bg7 6. Be3 O-O 7. Qd2 a6 8. O-O-O
e5 9. Nge2 Rb8 10. d5 Ne7 11. g4 b5 12. c5 Nd7 13. c6 Nb6 14. Bxb6 Rxb6 15. Ng3
Bf6 16. g5 Bg7 17. h4 f5 18. h5 f4 19. Nge2 a5 20. Ng1 b4 21. Na4 Rb8 22. Qh2
Qe8 23. Rd2 Kf7 24. Qh4 b3 25. a3 Ra8 26. Rdh2 Ba6 27. Bh3 Bc8 28. Bg4 Bxg4 29.
fxg4 Qb8 30. Qf2 Qb5 31. Nc3 Qd3 32. Rh3 Qa6 33. Qe2 Qc8 34. a4 Rh8 35. Nb5 Qd8
36. Rxb3 Nc8 37. Nxc7 Ra7 38. Ne6 Qe7 39. h6 Bf8 40. Rb8 Rc7 41. Nxc7 Qxc7 42.
Rb7 1-0